000 00424nam a2200157 a 4500
005 20140412111310.0
008 010307s19uu xx 00 eng d
020 _a0-14-054752-5
050 _aTR(PS E
_bFi44 1984
100 _aMcPhail, David
245 _aFix-it /
_cby David McPhail.
260 _aNew York :
_bA Puffin Unicorn,
_c1984.
300 _a1 v. (unp.) ; ill.
650 _aChildren's stories
999 _c103953
_d103953